| 000 -ლიდერი |
| ფიქსირებული სიგრძის საკონტროლო ველი |
01287nam a2200241Ia 4500 |
| 001 - საკონტროლო ნომერი |
| საკონტროლო ველი |
719 |
| 003 - საკონტროლო ნომრის იდენტიფიკატორი |
| საკონტროლო ველი |
GE_BSU |
| 005 - ბოლო ოპერაციის თარიღი და დრო |
| საკონტროლო ველი |
20230203120336.0 |
| 008 - ფიქსირებული სიგრძის მონაცემთა ელემენტები - ზოგადი ინფორმაცია |
| ფიქსირებული სიგრძის საკონტროლო ველი |
181216s2000||||ge |||||||||||||| ||geo|| |
| 020 ## - წიგნის საერთაშორისო სტანდარტული ნომერი |
| International Standard Book Number |
9992834803 |
| 040 ## - კატალოგიზაციის წყარო |
| Transcribing agency |
GE_BSU |
| 041 ## - ენის კოდი |
| Language code of text/sound track or separate title |
geo |
| 080 ## - უნივერსალური ათობითი კლასიფიკაციის ინდექსი |
| Universal Decimal Classification number |
502(075.8) მ–75 |
| 100 ## - მთავარი ჩანაწერი - პიროვნების სახელი |
| Personal name |
მიშველაძე, ბორის |
| 9 (RLIN) |
16852 |
| 245 ## - ცნობა სათაურის შესახებ |
| Title |
თანამედროვე ბუნებისმეტყველების კონცეფციები: |
| Remainder of title |
სახელმძღვანელო ეკონომიკური, ჰუმანიტარული და იურიდიული სპეციალობის სტუდენტებისათვის / |
| Statement of responsibility, etc |
ბორის მიშველაძე.; რედ. ზურაბ ურუშაძე. |
| 264 ## - წარმოების, გამოცემის, დისტრიბუციის და სხვა ცნობები |
| გამოცემის, წარმოების, დისტრიბუციის... ადგილი |
თბილისი: |
| გამოცემის, წარმოების, დისტრიბუციის... სახელწოდება |
მერანი-3, |
| გამოცემის, წარმოების, დისტრიბუციის... თარიღი |
2000. |
| 300 ## - ფიზიკური აღწერა |
| Extent |
274 გვ.; |
| Other physical details |
22 სმ. |
| 653 ## - INDEX TERM--UNCONTROLLED |
| Uncontrolled term |
საბუნებისმეტყველო-მეცნიერული კულტურები |
| 653 ## - INDEX TERM--UNCONTROLLED |
| Uncontrolled term |
მიკროსამყაროს კონცეფციები |
| 700 ## - ADDED ENTRY--PERSONAL NAME |
| Personal name |
ურუშაძე, ზურაბ |
| Relator term |
რედაქტორი |
| 9 (RLIN) |
16853 |
| 942 ## - ADDED ENTRY ELEMENTS (KOHA) |
| Koha item type |
წიგნი |
| Source of classification or shelving scheme |
|